1443 1762 1222 1551 1305 1591 1941 1906 1040 1143 1419 1542 1572 1064 1494 1211 1251 1558 1219 1676 1122 1534 1998 1535 1365 1408 1414 1249 1775 1685 1610 1206 1870 1335 1874 1612 1277 1059 1586 1312 1272 1735 1671 1673 1298 1714 1254 1769 1684 1212 1113 1554 1972 1665 1208 1508 1698 1167 1227 1813 1198 1432 1447 1577 1304 1689 1614 1808 1858 1142 1449 1546 1893 1515 1553 1645 1856 1202 1278 1434 1569 2000 1367 1769 1280 1289 1562 1877 1548 1575 1719 1851 1298 1877 1834 1158 1434 1585 1967 BCNSPRNW ULIB Ver.6.0+V

เปลี่ยนเป็นภาษาไทย

Change to English
 แสดงรายละเอียดบรรณานุกรม
  กลับหน้าหลัก

Brief Record : Get Marc (ISO 2709) : E-mail record : QR code < ปิดหน้าต่าง
LEADER : 00000nam 2200000uu 4500
001    13399127936
003     ULIB
008    211115s2021||||th 000 0 tha d
020    ^a9780323609180
060 04 ^aWY18.2^bP441
110 2  ^aAmerican Society of PeriAnesthesia Nurses
245 00 ^aPerianesthesia nursing core curriculum :^bpreprocedure,phase I and phase II, PACU nursing /^cASPAN, AmericanSociety of PeriAnesthesia Nurses ; [edited by] Lois Schick,Pamela E. Windle
250    ^a4th ed.
260    ^aSt. Louis, Mo. :^bElsevier,^c2021
300    ^axviii, 964 p. :^bill. ;^c29 cm.
504    ^aIncludes bibliographical references and index
650  2 ^aPostanesthesia Nursing^xeducation^xnursing
650  2 ^aClinical Competence^xstandards
650  2 ^aPostoperative Care^xeducation
650  2 ^aPostoperative Care^xnursing^xOutlines
700 1  ^aLois Schick
700 1  ^aWindle, Pamela E
945    ^p2881^l0^i008524
999    ^aประนอม เกษจรัล
รายการนี้ยังไม่มีแท็ก
คุณยังไม่ได้ล็อกอิน คุณสามารถมีกิจกรรมร่วมกับเว็บไซต์ได้ แต่ต้องล็อกอินก่อน ::
  ล็อกอิน

รายการสื่อสารสนเทศ

ลำดับที่ ประเภท เลขเรียก/บาร์โค้ด สถานที่ สถานะ
1. Book การพยาบาล
หนังสือสำรอง
สถานะ=หนังสือสำรอง
WY18.2 P441 ฉ.1 
  Barcode: 008524
ห้องสมุดวิทยาเขตสวรรค์ประชารักษ์
►หนังสือทั่วไป
บนชั้น

BibComment


ยังไม่เคยถูกคอมเมนท์

คอมเมนท์ทรัพยากรรายการนี้
  คอมเมนท์: Perianesthesia n..


 Copyright 2026. Bcnsprnw @Library